000 00374nam a22001457a 4500
003 OSt
008 220615b ||||| |||| 00| 0 eng d
020 _a9789354249228
082 _a004.076 VEW
100 _aVERMA, Anil
245 _aWiley acing the GATE Computer Science and Information Technology
260 _aNew Delhi
_bWiley
_c2022
300 _a739
942 _2ddc
_cBK
999 _c11385
_d11385